=LDR 00000nam 2200000 4500 =001 INLIS000000000030903 =005 20130612133019 =008 ***********************************ind** =035 ##$$0010-061300000030903 =041 ##$$a ind =082 ##$$a 398.2 =090 ##$$a 398.2, Fun h =100 ##$$a Funke,Cornelia =245 ##$$a Herr Der Diebe, Pangeran pencuri, Cornelia Funke; Alih bahasa, Hendrato Setiadi =260 ##$$a 206 $b Jakarta =300 ##$$a 416 hlm, ilus, 21 cm =650 ##$$a LEGENDA =850 ##$$a NBPNMAT =990 ##$$a 92508/BPAP-NTB/2014 =990 ##$$a 0001/BPAP-NTB/20142014 =990 ##$$a 0001/BPAP-NTB/20142014 =990 ##$$a 0001/BPAP-NTB/20142015